|
|
|
|
| LEADER |
00000nam0a2200000 4500 |
| 001 |
302100 |
| 005 |
20231102001452.0 |
| 010 |
|
|
|a 9785936309533
|
| 035 |
|
|
|a (RuTPU)RU\TPU\book\327295
|
| 090 |
|
|
|a 302100
|
| 100 |
|
|
|a 20150819d2015 km y0rusy50 ca
|
| 101 |
0 |
|
|a rus
|
| 102 |
|
|
|a RU
|
| 105 |
|
|
|a a z 001zy
|
| 200 |
1 |
|
|a Проблемы стандартизации в релейной защите
|f В. И. Гуревич
|
| 210 |
|
|
|a Санкт-Петербург
|c Деан
|d 2015
|
| 215 |
|
|
|a 168 с.
|c ил.
|
| 320 |
|
|
|a Библиография в конце глав.
|
| 330 |
|
|
|a В книге рассмотрены проблемы, связанные с отсутствием стандартизации в современной релейной защите, выполненной на основе микропроцессорных устройств. Отсутствие единой терминологии и общих технических требований, достоверных методов расчета и удобных критериев для оценки надежности, универсальных и эффективных методов испытаний, полная несовместимость модулей микропроцессорных устройств релейной защиты (МУРЗ) различных производителей — всё это является серьезным препятствием на пути дальнейшего развития современной релейной защиты.Автором предлагаются конкретные решения проблем стандартизации МУРЗ.Книга предназначена для инженеров и конструкторов, занимающихся разработкой МУРЗ; для инженеров проектных организаций; для инженерно-технического персонала электроэнергетических компаний, занятого подготовкой тендерной документации на реле защиты. Книга будет полезна также преподавателям и студентам соответствующих дисциплин средних и высших учебных заведений, слушателям курсов повышения квалификации специалистов.
|
| 606 |
1 |
|
|a Релейная защита в целом
|2 stltpush
|3 (RuTPU)RU\TPU\subj\24926
|9 49192
|
| 610 |
1 |
|
|a стандартизация
|
| 610 |
1 |
|
|a терминология
|
| 610 |
1 |
|
|a технические требования
|
| 610 |
1 |
|
|a микропроцессорные устройства
|
| 610 |
1 |
|
|a конструкции
|
| 610 |
1 |
|
|a испытания
|
| 610 |
1 |
|
|a отказы
|
| 610 |
1 |
|
|a надежность
|
| 610 |
1 |
|
|a оценка
|
| 610 |
1 |
|
|a электромагнитные реле
|
| 610 |
1 |
|
|a международные стандарты
|
| 610 |
1 |
|
|a проблемы
|
| 675 |
|
|
|a 621.316.925.1
|v 4
|
| 700 |
|
1 |
|a Гуревич
|b В. И.
|g Владимир Игоревич
|
| 801 |
|
1 |
|a RU
|b 63413507
|c 20150819
|
| 801 |
|
2 |
|a RU
|b 63413507
|c 20151009
|g RCR
|
| 900 |
|
|
|a Микропроцессорные средства в аппаратах защиты и диагностики
|
| 900 |
|
|
|a Микропроцессорные средства и системы
|
| 900 |
|
|
|a Релейная защита
|
| 900 |
|
|
|a Стандартизация
|
| 942 |
|
|
|c BK
|
| 959 |
|
|
|a 84/20150605
|d 1
|e 363,00
|f ЧЗТЛ:1
|